Analýza vplyvu výmenného kurzu na spotrebiteľské ceny
Disagregovaný pohľad na vplyv výmenného kurzu do spotrebiteľských cien. Priemyselné tovary bez energií (obchodovateľné tovary bez DHM). Ceny potravín. Regulované ceny energií a ceny pohonných hmôt. Prehľad vplyvu výmenného kurzu na jednotlivé zložky spotrebného koša a na celkovú infláciu
Gespeichert in:
| 1. Verfasser: | |
|---|---|
| Weitere Verfasser: | |
| Format: | Buchkapitel |
| Sprache: | Slowakisch |
| Schlagworte: | |
| Tags: |
Keine Tags, Fügen Sie das erste Tag hinzu!
|
MARC
| LEADER | 00000naa$a2200000$$$4500 | ||
|---|---|---|---|
| 001 | 0067806 | ||
| 005 | 20231116083604.3 | ||
| 041 | 0 | |a slo | |
| 044 | |a SK | ||
| 245 | 1 | 0 | |a Analýza vplyvu výmenného kurzu na spotrebiteľské ceny |c Michal Doliak, Branislav Karmažin |
| 520 | |a Disagregovaný pohľad na vplyv výmenného kurzu do spotrebiteľských cien. Priemyselné tovary bez energií (obchodovateľné tovary bez DHM). Ceny potravín. Regulované ceny energií a ceny pohonných hmôt. Prehľad vplyvu výmenného kurzu na jednotlivé zložky spotrebného koša a na celkovú infláciu | ||
| 610 | 2 | 0 | |a ceny spotrebiteľské |
| 610 | 2 | 0 | |a regulácia cenová |
| 610 | 2 | 0 | |a tovar priemyselný |
| 610 | 2 | 0 | |a potraviny |
| 610 | 2 | 0 | |a kurz výmenný |
| 610 | 2 | 0 | |a bankovníctvo |
| 100 | 1 | |a Doliak, Michal | |
| 700 | 1 | |a Karmažin, Branislav | |